000 01097cam a2200361Ka 4500
001 60220
005 20230411085710.0
008 020924s2001 sp a 001 0 spa d
035 _a(OCoLC)ocm50659264
040 _aDZM
_cDZM
_dOCLCQ
_dPL#
020 _a8489396604 (HC) :
_c$59.95
020 _a9788489396609 (HC)
029 1 _aPL#
_b060006713
035 _a(OCoLC)50659264
041 1 _aspa
_beng
092 _a720.9
_bGLANCEY
049 _aGRAL
050 1 4 _G545 2001
100 1 _aGlancey, Jonathan.
240 1 0 _aStory of architecture.
_lSpanish
245 1 0 _aHistoria de la arquitectura /
_cJonathan Glancey ; traducción, Rosa Cano Camarasa.
250 _a1. ed. en lengua española.
260 _aBarcelona :
_bArt Blume,
_c2001.
300 _a240 p. :
_bcol. ill. ;
_c29 cm.
500 _aTranslation of: The story of architecture.
500 _aIncludes index.
650 0 _aArchitecture
_xHistory.
650 7 _aArquitectura
_xHistoria.
_2bidex
938 _aPuvill Libros
_bPUVL
_n8489396604
_c$46.87
942 _2lcc
_cbk
946 _aclperez
994 _aC0
_bDRFGD
999 _c106049
_d106049